Suspensão de tutelas jurisdicionais contra o poder público : (Record no. 300)
[ view plain ]
| 000 -LÍDER | |
|---|---|
| Campo Fixo de Controle | 00843cam a2200241 a 4500 |
| 001 - NÚMERO DE CONTROLE | |
| Campo de Controle | 300 |
| 003 - IDENTIFICAÇÃO DO NÚMERO DE CONTROLE | |
| Campo de Controle | BR-CuiBMT |
| 005 - DATA E HORA DA ÚLTIMA ATUALIZAÇÃO | |
| Campo de Controle | 20231114180128.0 |
| 008 - DADOS FIXOS | |
| Dados Fixos | 230927s2009 mgb 001 0 por d |
| 020 ## - INTERNATIONAL STANDARD BOOK NUMBER | |
| Nº do ISBN | 9788577002450 |
| 040 ## - AGÊNCIA CATALOGADORA | |
| Código da Agência Catalogadora | BR-CuiBMT |
| Agência que transcreveu o registro | BR-CuiBMT |
| 080 ## - Nº DA CLASSIFICAÇÃO DECIMAL UNIVERSAL | |
| Nº edição CDU | 2007 |
| Nº Class. CDU | 347.9 |
| 090 ## - NÚMERO DE CHAMADA | |
| Nº classificação | 347.9 |
| Cutter | B574s |
| 100 1# - ENTRADA PRINCIPAL -- AUTOR PESSOAL | |
| Nome pessoal | Bezerra, Isabel Cecília de Oliveira |
| 245 10 - TÍTULO PRINCIPAL | |
| Título principal | Suspensão de tutelas jurisdicionais contra o poder público : |
| Subtítulo | atualizado pela recente lei n° 12.016, de 7.8.2009 / |
| Indicação de responsabilidade | Isabel Cecília de Oliveira Bezerra ; prefácio, José Antonio Dias Toffoli. |
| 260 ## - PUBLICAÇÃO, DISTRIBUIÇÃO, ETC. | |
| Local de publicação | Belo Horizonte : |
| Editora | Fórum, |
| Data | 2009. |
| 300 ## - DESCRIÇÃO FÍSICA | |
| N. páginas ou volumes | 379 p. ; |
| Dimensões | 22 cm |
| 504 ## - NOTA DE BIBLIOGRAFIA, ETC. | |
| Nota de bibliografia | Inclui bibliografia e índice. |
| 650 ## - ASSUNTO TÓPICO | |
| Cabeçalho tópico ou nome geográfico | Direito processual civil |
| 650 ## - ASSUNTO TÓPICO | |
| Cabeçalho tópico ou nome geográfico | Direito público |
| 650 ## - ASSUNTO TÓPICO | |
| Cabeçalho tópico ou nome geográfico | Ação popular |
| Subdivisão geral | Direito processual civil |
| 942 ## - ELEMENTOS DE ENTRADA ADICIONAIS (KOHA) | |
| Fonte de classificação ou esquema de arquivamento | Classificação Decimal Universal |
| Tipo de item do Koha | Livros |
| Estado: removido | Estado: perdido | Fonte de classificação ou esquema de arquivamento | Estado: danificado | Indisponível para empréstimo | Localização permanente | Localização atual | Data de aquisição | Total Checkouts | Número de Chamada completo | Código de barras | Date last seen | Número do exemplar | Preço efetivo a partir de | Tipo de item (Koha) |
|---|---|---|---|---|---|---|---|---|---|---|---|---|---|---|
| Classificação Decimal Universal | Biblioteca da Escola Superior de Contas do TCE/MT | Biblioteca da Escola Superior de Contas do TCE/MT | 28/06/2023 | 347.9 B574s | BIBTCEMT23090092 | 27/09/2023 | Ex. 1 | 27/09/2023 | Livros | |||||
| Classificação Decimal Universal | Biblioteca da Escola Superior de Contas do TCE/MT | Biblioteca da Escola Superior de Contas do TCE/MT | 28/07/2023 | 347.9 B574s | BIBTCEMT23100038 | 30/10/2023 | Ex. 2 | 30/10/2023 | Livros | |||||
| Classificação Decimal Universal | Biblioteca da Escola Superior de Contas do TCE/MT | Biblioteca da Escola Superior de Contas do TCE/MT | 06/11/2023 | 347.9 B574s | BIBTCEMT23110142 | 06/11/2023 | Ex. 3 | 06/11/2023 | Livros | |||||
| Classificação Decimal Universal | Biblioteca da Escola Superior de Contas do TCE/MT | Biblioteca da Escola Superior de Contas do TCE/MT | 06/11/2023 | 347.9 B574s | BIBTCEMT23110143 | 06/11/2023 | Ex. 4 | 06/11/2023 | Livros | |||||
| Classificação Decimal Universal | Biblioteca da Escola Superior de Contas do TCE/MT | Biblioteca da Escola Superior de Contas do TCE/MT | 06/11/2023 | 347.9 B574s | BIBTCEMT23110144 | 06/11/2023 | Ex. 5 | 06/11/2023 | Livros |